The farm yard alphabet.

Bibliographic Details
Format: Microform Book
Language:English
Published: [London] : G. Routledge & Sons, [between 1800 and 1899]
Series:Opie collection of children's literature ; 025:149.
Aunt Mavor's toy books ; 40.
Subjects:

MARC

Tag First Indicator Second Indicator Subfields
LEADER 00000cam a2200000Ia 4500
001 in00002570513
005 20151201154254.0
007 hd bfv---baap
007 he amv---bacp
008 980928q18001899enka b 000 0 eng d
035 |a (OCoLC)ocm39950411 
037 |a CL0021000025  |b UMI, 300 N. Zeeb Rd., Ann Arbor, MI 48016-1346 
040 |a OPP  |c OPP  |d UtOrBLW 
049 |a OPPA 
090 |a PZ5  |b .O67 1990 no.025:149. 
245 0 4 |a The farm yard alphabet. 
264 1 |a [London] :  |b G. Routledge & Sons,  |c [between 1800 and 1899] 
300 |a 8 unnumbered pages :  |b illustrations 
336 |a text  |b txt  |2 rdacontent 
337 |a microform  |b h  |2 rdamedia 
338 |a microfiche  |b he  |2 rdacarrier 
490 1 |a Aunt Mavor's toy books ;  |v 40 
500 |a Cover title. 
500 |a Reproduction of original in the Bodleian Library. 
510 4 |a Opie  |c GG 61 
533 |a Microfiche.  |b Ann Arbor, Mich. :  |c UMI,  |d 1997.  |e 1 microfiche ; 11 x 15 cm.  |f (Opie collection of children's literature ; 025:149).  |7 s1997 miun b 
500 |a Microform. 
650 0 |a English language  |x Alphabet  |v Juvenile literature. 
830 0 |a Opie collection of children's literature ;  |v 025:149. 
830 0 |a Aunt Mavor's toy books ;  |v 40. 
999 |a MARS 
999 f f |s c6bb8c5d-20e5-3452-9fde-b1b32f1269f8  |i 36bae419-e0cf-3028-ba07-52636c935c45  |t 0 
952 f f |a Texas A&M University  |b College Station  |c Sterling C. Evans Library  |d Evans: Microforms Fiche (3rd floor)  |t 0  |e PZ5 .O67 1990 no.025:149.  |h Library of Congress classification 
998 f f |a PZ5 .O67 1990 no.025:149.  |t 0  |l Evans: Microforms Fiche (3rd floor)